000 00410nam a2200181Ia 4500
008 240510s9999 xx 000 0 und d
020 _a9789556710137
041 _aEng
082 _a920
082 _bH28
100 _aHEWAMADDUWA,, Amara
245 0 _aGovi Gedarin Dissapathi Madurata
260 _bColombo :Tharangi Printers
260 _c2009
300 _a296 p.
942 _2ddc
942 _cLBK
999 _c28508
_d28508
945 _a1
_bMadushi Gamage
_c1
_dMadushi Gamage